Queen - '39 - Lyrics - Statistics

General Stats
  • This quiz has been taken 87 times
  • The average score is 176 of 245
Answer Stats
Lyrics % Correct
I
100%
In
100%
in
100%
of
100%
the
100%
The
100%
'39
98%
a
97%
year
97%
year.
97%
me
87%
me.
87%
day
85%
day.
85%
hear
85%
you
85%
you.
85%
land
82%
your
82%
Your
82%
many
80%
my
80%
and
78%
And
78%
years
78%
call
77%
call,
77%
calling
77%
away.
75%
away
75%
ship
75%
sand
73%
For
72%
for
72%
hand.
72%
though
72%
Though
72%
were
72%
Don't
70%
letters
70%
that
70%
volunteers.
70%
volunteers
70%
when
70%
few.
68%
so
68%
you're
68%
days
67%
knew.
67%
take
67%
lands
65%
to
65%
blue
63%
blue.
63%
our
63%
Write
63%
came
62%
assembled
60%
life.
60%
out
60%
Pity
60%
cry
58%
ever
58%
from
58%
grandchildren
58%
say
58%
seen.
58%
here
57%
Here
57%
home
57%
old
57%
sailed
57%
All
55%
be!
55%
but
55%
cannot
55%
eyes
55%
back,
53%
I'm
53%
Ne'er
53%
never
53%
story
53%
sweetest
53%
morn'.
52%
night
52%
Still
52%
tellers
52%
gone,
50%
sunny
50%
they
50%
ahead.
48%
into
48%
like
48%
mother's
48%
older
48%
sight
48%
have
47%
heal
47%
across
45%
earth
45%
inside.
45%
is
45%
looked
45%
love
45%
milky
45%
this
45%
world
45%
cried.
43%
lonely
43%
darlin'
42%
feared,
42%
followed
42%
good
42%
grey,
42%
little
42%
news
42%
their
42%
bring
40%
hearts
40%
seas.
40%
born.
38%
newly
38%
weigh.
38%
souls
37%
brave
33%
heavily
33%
score
30%
we'll
23%
No matching quizzes found
Score Distribution
Percent of People with Each Score
Percentile by Number Answered
Your Score History
You have not taken this quiz